| 000 | 00699nam a2200229 a 4500 | ||
|---|---|---|---|
| 001 | BRCA_8402 | ||
| 005 | 20190321142937.0 | ||
| 008 | 050315s2009----u--a######---#000-0#eng-# | ||
| 020 | _a9780977434916 | ||
| 020 | _a0977434915 | ||
| 041 | _aeng | ||
| 044 | _au | ||
| 050 | 4 | _b.Y45 2009 | |
| 100 | 1 |
_aYeide, Nancy H. _921034 |
|
| 245 | 1 | 0 |
_aBeyond the Dreams of Avarice _bThe Hermann Goering collection _cNancy H. Yeide ; introduction by Robert M. Edsel. |
| 260 |
_aDallas _bLaurel Publishing, LLC _c2009 |
||
| 300 |
_avi, 518 p. _bil. _c29 cm. |
||
| 500 | _aIncluye índice de nombres de artistas | ||
| 504 | _aBibliografía : p. 476-477 | ||
| 700 | 1 |
_aEdsel, Robert M. _921035 |
|
| 942 |
_2lcc _cB |
||
| 999 |
_c8070 _d8070 |
||